[Event "Recife op 4th"]
[Site "Recife"]
[Date "2017.04.22"]
[Round "5"]
[White "Santiago, Yago de Moura"]
[Black "Goes Filho, Fernando Antonio B"]
[Result "1-0"]
[WhiteElo "2453"]
[BlackElo "1715"]
[PlyCount "81"]
[EventDate "2017.04.20"]
[EventType "swiss"]
[EventRounds "6"]
[EventCountry "BRA"]
[SourceTitle "EXT 2018"]
[Source "ChessBase"]
[SourceDate "2017.10.13"]
[SourceVersion "1"]
[SourceVersionDate "2017.10.13"]
[SourceQuality "1"]

1. d4 Nf6 2. Nc3 d5 3. Bf4 c6 4. Qd2 Bf5 5. f3 h5 6. e3 Nbd7 7. Bd3 Bxd3 8. cxd3 e6 9. Nge2 Nh7 10. e4 Nb6 11. b3 g5 12. Be3 f5 13. h4 f4 14. Bf2 Bb4 15. a3 Bxc3 16. Nxc3 Qf6 17. hxg5 Qxg5 18. Bh4 Qh6 19. Ne2 Rf8 20. g3 Ng5 21. Bxg5 Qxg5 22. gxf4 Qg2 23. 0-0-0 Qxf3 24. Rdf1 Qg2 25. Qe3 Qg6 26. f5 Qf7 27. f6 0-0-0 28. e5 Rh8 29. Nf4 Kd7 30. Rfg1 Rh7 31. Rxh5 Rg8 32. Rxg8 Qxg8 33. Rxh7+ Qxh7 34. Qg1 Qf7 35. Qg7 Ke8 36. Qh8+ Qf8 37. Qxf8+ Kxf8 38. Nxe6+ Ke8 39. Nc5 Nd7 40. f7+ Kxf7 41. Nxd7 1-0

[Event "Recife op 4th"]
[Site "Recife"]
[Date "2017.04.20"]
[Round "1"]
[White "Goes Filho, Fernando Antonio B"]
[Black "De Andrade, Dalson Holanda Cav"]
[Result "1/2-1/2"]
[WhiteElo "1715"]
[BlackElo "2060"]
[PlyCount "95"]
[EventDate "2017.04.20"]
[EventType "swiss"]
[EventRounds "6"]
[EventCountry "BRA"]
[SourceTitle "EXT 2018"]
[Source "ChessBase"]
[SourceDate "2017.10.13"]
[SourceVersion "1"]
[SourceVersionDate "2017.10.13"]
[SourceQuality "1"]

1. Nf3 Nf6 2. g3 e6 3. Bg2 c5 4. 0-0 Nc6 5. Re1 d5 6. c3 Be7 7. d4 cxd4 8. cxd4 0-0 9. Nc3 Bd7 10. e4 dxe4 11. Nxe4 Nxe4 12. Rxe4 Nb4 13. a3 Nd5 14. Ne5 Bb5 15. Qb3 Ba6 16. Bh3 Rc8 17. Nxf7 Rxf7 18. Bxe6 Bc4 19. Qf3 Nf6 20. Bxf7+ Bxf7 21. Re1 Bd5 22. Qe2 Bd6 23. Bg5 h6 24. Be3 Qd7 25. Rac1 Rf8 26. Bd2 Ne4 27. Be3 Qh3 28. Qf1 Qg4 29. Qb5 Nf6 30. Qe2 Qf5 31. Rc3 Ng4 32. Rf1 Bf3 33. Qc4+ Kh8 34. Bf4 Qh5 35. h4 Bd5 36. Qe2 Bxf4 37. gxf4 Qxh4 38. f3 Nf6 39. Qh2 Qxh2+ 40. Kxh2 Bc6 41. Rfc1 Nd5 42. Rxc6 bxc6 43. Rxc6 Rxf4 44. Kg3 Rxd4 45. Ra6 Rd2 46. b4 Ra2 47. b5 Nc3 48. Ra5 1/2-1/2

[Event "Recife Arraes Memorial 9th"]
[Site "Recife"]
[Date "2016.10.23"]
[Round "5.7"]
[White "Alves Campelo, Danilo Cesar De"]
[Black "Goes Filho, Fernando Antonio B"]
[Result "1-0"]
[WhiteElo "1992"]
[BlackElo "1666"]
[PlyCount "109"]
[EventDate "2016.10.21"]
[EventType "swiss"]
[EventRounds "6"]
[EventCountry "BRA"]
[SourceTitle "EXT 2022"]
[Source "ChessBase"]
[SourceDate "2021.10.06"]
[SourceVersion "1"]
[SourceVersionDate "2021.10.06"]
[SourceQuality "1"]

1. e4 e5 2. Nf3 Nc6 3. Bb5 a6 4. Ba4 Bc5 5. c3 b5 6. Bc2 Nf6 7. 0-0 0-0 8. d4 Bd6 9. dxe5 Nxe5 10. Nxe5 Bxe5 11. Be3 d5 12. f4 Ng4 13. Qf3 Nxe3 14. Qxe3 d4 15. Qf3 dxc3 16. Nxc3 Bd4+ 17. Kh1 Be6 18. Rad1 c5 19. Ne2 Rc8 20. e5 f6 21. Nxd4 cxd4 22. Qd3 g6 23. Bb3 Bc4 24. exf6 Qxf6 25. Bxc4+ bxc4 26. Qxd4 Qxd4 27. Rxd4 Rf6 28. Rc1 Rb6 29. b3 c3 30. Rc2 Re6 31. Kg1 Kg7 32. Kf2 Kf6 33. g3 Rec6 34. Ke3 Re6+ 35. Kd3 Kf5 36. Rxc3 Rce8 37. Rc5+ Kf6 38. g4 Re3+ 39. Kc4 R8e6 40. g5+ Kf7 41. Rd7+ Re7 42. Rcc7 R3e4+ 43. Kd5 Ke8 44. Rxe7+ Rxe7 45. Rxe7+ Kxe7 46. b4 Kd7 47. a4 Kc7 48. b5 axb5 49. axb5 Kb6 50. Kc4 Kb7 51. Kc5 Kc7 52. b6+ Kb7 53. Kb5 Kb8 54. Kc6 Kc8 55. b7+ 1-0